000 00468nam a2200193Ia 4500
005 20240823051822.0
008 240823s9999||||xx |||||||||||||| ||und||
020 _a978-81-203-5002-1
041 _aENGLISH
082 _A005.7665 Q4
100 _aGupta G K
245 0 _aIntroduction to Data Mining with Case Studies
250 _a1st
260 _c2014
_b#VALUE!
500 _aYES
650 _aData Mining
_bComputer Science
942 _cBK
999 _c220445
_d220445